000 01326nam a2200373 a 4500
001 vtls001310513
003 NLI
005 20210627050302.0
008 120608m1927uuuuenk 000 e eng
039 9 _y201206081730
_zVLOAD
040 _aNLI
_beng
_cDatasoft_IMP_S
_eAACR2
041 0 _aeng
044 _a enk
084 _a156
100 1 _aBridges, Robert
245 1 0 _aCollected essays papers & c of Robert Bridges
260 _aLondon
_bOxford University Press
_c1927-
300 _a-v.
_c19 cm.
500 _aLibrary has 2-3, 5-30
505 0 _aVol. 2-3 Humdrum and harum scarum, a lecture on free verse III poetic diction.-v.5 George Darley.-v.6 The poems of Mary Coleridge.-v.7 Lord De Tabley's poems.-v.8 Dante on english literature.-v.9 The poems of Emily Bronte.-v.10 Dryden on Milton.-v.11
650 0 _aEnglish essays
_9682560
740 0 2 _aHumdrum and harum scarum, a lecture on free verse III poetic diction
740 0 2 _aGeorge Darley
740 4 2 _aThe poems of Mary Coleridge
740 0 2 _aLord De Tabley's poems
740 0 2 _aDante on english literature
740 4 2 _aThe poems of Emily Bronte
740 0 2 _aStudies in poetry
740 0 2 _aDryden on Milton
887 _a
901 _aIMP108349
_b20.11.2010
_9v.21-26
902 _a156 E 1333
999 _aVIRTUA40
_c621663
_d621663
942 _2ddc
_cBKS